000 00385nam a2200157Ia 4500
008 160316s2001 xxu||||| |||| 00| 0 eng d
082 _a346.044000
_bADO
100 _a
245 _aCara Guidelines
250 _a
260 _a
_bAdoption Central-Adoption-Resource Agency Institut
_c2001
300 _a46
_b
_c
365 _b
650 _a1. Guidelines 2. Adoption
700 _a
_a
999 _c34342
_d34342